000 00560nam a2200193Ia 4500
008 131103s9999 xx 000 0 und d
020 _a0 435 10264 8
040 _aLoreto College
041 _aEnglish
082 _a372.4/EDW
_bLCBED/8509
100 _aEdwards, Peter
245 _aReading problems
_b identification and treatment
_cPeter Edwards
260 _aLondon
_bHeinemann
_c1978
300 _a89p.
_c 21cm.
504 _aIncludes bibliographical references & index
650 _aElementary education
850 _aLCBED/372.4/EDW
942 _cBK
999 _c27553
_d78032